| 000 | 00364nam a2200145Ia 4500 | ||
|---|---|---|---|
| 008 | 230917s9999||||xx |||||||||||||| ||und|| | ||
| 040 |
_e124860 _aMAIN |
||
| 041 | _aEnglish | ||
| 082 | _a361 M118D | ||
| 100 | _aMacarov, David | ||
| 245 | 0 | _aDesign of social welfare | |
| 260 |
_aNew York _bHolt, Rinehart and Winston _c1978 |
||
| 300 | _a303p. p. | ||
| 942 | _cBK | ||
| 999 |
_c190484 _d190484 |
||